Statistics for Australian Bird Species Quiz #1

Click here to take the quiz!

General Stats

  • This quiz has been taken 16 times
  • The average score is 12 of 20

Answer Stats

HintAnswer% Correct
Great, IntermediateEgret
83%
Marbled, TawnyFrogmouth
83%
Arctic, FairyTern
83%
Golden, GreatBowerbird
75%
Forest, SacredKingfisher
75%
Brown, MaskedBooby
67%
Beautiful, DiamondFiretail
67%
Dusky, PinkRobin
67%
Common, FlockBronzewing
58%
Brush, OrientalCuckoo
58%
Satin, ShiningFlycatcher
58%
Magnificent, ParadiseRiflebird
58%
Marsh, WoodSandpiper
58%
Little, NoisyFriarbird
50%
Black, EyreanGrasswren
50%
Tasmanian, TropicalScrubwren
50%
Fluttering, StreakedShearwater
50%
Glossy, UniformSwiftlet
50%
Banded, SouthernWhiteface
50%
Little, VariedLorikeet
33%

Score Distribution

Percentile by Number Answered

Percent of People with Each Score

Your Score History

You have not taken this quiz